[Event "1st 4NCL Spring Bank Holiday Congress"]
[Site "Basingstoke"]
[Date "2018.05.26"]
[Round "3"]
[Board "13"]
[White "Norman, Dinah M"]
[Black "Brown, Geoffrey D"]
[Result "0-1"]
[WhiteElo "1697"]
[BlackElo "1547"]
[PlyCount "88"]
[EventDate "2018.05.25"]
[EventRounds "7"]
[EventCountry "ENG"]

1. d4 e6 2. Nf3 f5 3. g3 Nf6 4. Bg2 Be7 5. Bg5 O-O 6. O-O d6 7. c3 a5 8. a4
Nbd7 9. Nbd2 h6 10. Bxf6 Nxf6 11. e3 Qe8 12. Ne1 Rb8 13. c4 e5 14. Nc2 c6 15.
b3 Qg6 16. dxe5 dxe5 17. Nf3 Nd7 18. Rb1 f4 19. exf4 exf4 20. Ncd4 fxg3 21.
hxg3 Bc5 22. Qc2 Qg4 23. Rbd1 Qh5 24. Rfe1 Qf7 25. Ne6 Re8 26. Nxc5 Nxc5 27.
Rxe8+ Qxe8 28. Re1 Qf8 29. Nd4 Bd7 30. Qg6 Rd8 31. Qc2 Bg4 32. Qg6 Bd7 33. Qc2
Qf6 34. Rd1 Bg4 35. Ne2 Rf8 36. f4 Re8 37. Rd2 Bf5 38. Qb2 Qe7 39. Qc3 Be4 40.
Nd4 Bxg2 41. Rxg2 Qe1+ 42. Qxe1 Rxe1+ 43. Kf2 Rb1 44. Ke3 Nxb3 {time} 0-1

[Event "1st 4NCL Spring Bank Holiday Congress"]
[Site "Basingstoke"]
[Date "2018.05.26"]
[Round "3"]
[Board "14"]
[White "Willmoth, Harrison"]
[Black "O`Gorman, Brian"]
[Result "1-0"]
[WhiteElo "1754"]
[BlackElo "1537"]
[PlyCount "93"]
[EventDate "2018.05.25"]
[EventRounds "7"]
[EventCountry "ENG"]

1. d4 d5 2. Bf4 Nf6 3. Nf3 Bf5 4. e3 Nc6 5. Bb5 a6 6. Bxc6+ bxc6 7. O-O e6 8.
Ne5 c5 9. c3 cxd4 10. Qa4+ Nd7 11. cxd4 Bd6 12. Nc6 Qc8 13. Bxd6 cxd6 14. Rc1
Bd3 15. Qa3 Nb8 16. Qxd6 Nxc6 17. Rxc6 Qd8 18. Qc5 Qe7 19. Nd2 Qxc5 20. Rxc5
Kd7 21. Rac1 Rhc8 22. Rxc8 Rxc8 23. Rxc8 Kxc8 24. f3 Kc7 25. a3 Kc6 26. Kf2 Kd6
27. Ke1 e5 28. Nb3 f5 29. f4 exf4 30. exf4 Bb5 31. Nc5 a5 32. Nb7+ Kc7 33. Nxa5
Kb6 34. Nb3 Bd3 35. Nc5 Bc4 36. b3 Bb5 37. a4 Be8 38. Kd2 h6 39. h4 Ka5 40. Kc3
Bc6 41. b4+ Kb6 42. b5 Be8 43. Kb4 Bh5 44. a5+ Kc7 45. Ne6+ Kb7 46. Nxg7 Bg6
47. Kc5 1-0

[Event "1st 4NCL Spring Bank Holiday Congress"]
[Site "Basingstoke"]
[Date "2018.05.26"]
[Round "3"]
[Board "15"]
[White "Zhu, Feng"]
[Black "Towers, Brian"]
[Result "1/2-1/2"]
[WhiteElo "1457"]
[BlackElo "1780"]
[PlyCount "133"]
[EventDate "2018.05.25"]
[EventRounds "7"]
[EventCountry "ENG"]

1. d4 e6 2. Nf3 f5 3. Bf4 Nf6 4. h3 d6 5. e3 g6 6. Be2 Bg7 7. O-O O-O 8. Nbd2
Qe7 9. c3 Nc6 10. Re1 b6 11. Qc2 Bb7 12. Bh2 e5 13. dxe5 dxe5 14. Ng5 Nd8 15.
Qb3+ Kh8 16. Bc4 h6 17. Ne6 Nxe6 18. Bxe6 Nd7 19. Bxd7 Qxd7 20. Nc4 Qd5 21. f3
Qc5 22. Qb4 Qxb4 23. cxb4 f4 24. exf4 exf4 25. Re7 Rac8 26. Ne5 Bxe5 27. Rxe5
g5 28. Re7 Kg8 29. Rae1 Rf7 30. Kh1 Bd5 31. a3 Kf8 32. Rxf7+ Kxf7 33. Re5 Rd8
34. Bg1 Be6 35. Re2 Rd1 36. Kh2 Kf6 37. Rc2 Rd7 38. Bf2 Kf5 39. Be1 h5 40. Rd2
Bd5 41. Rd3 c6 42. Bc3 Re7 43. Rd2 g4 44. fxg4+ hxg4 45. hxg4+ Kxg4 46. Kg1 Kg3
47. Rf2 Rf7 48. Be5 Rf5 49. Re2 b5 50. Bd6 Rh5 51. Re3+ Kg4 52. Rh3 Rxh3 53.
gxh3+ Kxh3 54. Bxf4 Kg4 55. Bb8 a6 56. Kf2 Kf5 57. Ke3 Bg2 58. Kd4 Ke6 59. Kc5
Bf3 60. Bg3 Bg2 61. Be1 Bf3 62. Kb6 Kd5 63. Kxa6 Kc4 64. Bc3 Kb3 65. Kb6 Bd5
66. Kc5 Bg2 67. Kd4 1/2-1/2

[Event "1st 4NCL Spring Bank Holiday Congress"]
[Site "Basingstoke"]
[Date "2018.05.26"]
[Round "3"]
[Board "16"]
[White "Sandercock, E Barry"]
[Black "O'Brien, Paul W"]
[Result "0-1"]
[WhiteElo "1679"]
[BlackElo "1442"]
[PlyCount "142"]
[EventDate "2018.05.25"]
[EventRounds "7"]
[EventCountry "ENG"]

1. Nf3 f5 2. g3 d6 3. Bg2 e5 4. d3 Nf6 5. Nbd2 Be7 6. e4 O-O 7. O-O f4 8. a4
Qe8 9. Nc4 fxg3 10. fxg3 Qh5 11. Ne3 Ng4 12. Nxg4 Bxg4 13. Be3 Nc6 14. c3 Rf7
15. h3 Bxh3 16. Bxh3 Qxh3 17. Qe1 Raf8 18. Nh2 Rxf1+ 19. Nxf1 Rxf1+ 20. Qxf1
Qxg3+ 21. Qg2 Qxe3+ 22. Qf2 Qxd3 23. Rf1 Bf6 24. Qf5 Ne7 25. Qe6+ Kf8 26. Qd7
Qxe4 27. Qxc7 Qc6 28. Qb8+ Nc8 29. a5 Ke7 30. a6 bxa6 31. Ra1 h5 32. Ra3 Qc4
33. Qb7+ Kd8 34. Rxa6 Qc5+ 35. Kh1 Qc7 36. Qb5 Nb6 37. Ra1 Ke7 38. Qd3 Qb7+ 39.
Kh2 e4 40. Qe3 Be5+ 41. Kh1 h4 42. Qg5+ Bf6 43. Qe3 d5 44. Qc5+ Kf7 45. Qe3 Qc7
46. Qf2 Kg8 47. Rg1 Qd7 48. Rg2 Kh8 49. Qf4 Nc4 50. b4 Ne5 51. c4 Nf3 52. Rg4
Qa4 53. Qc1 Qa2 54. Rg2 Qxc4 55. Qxc4 dxc4 56. Rc2 c3 57. Re2 Nd4 58. Rxe4 c2
59. Re8+ Kh7 60. Rc8 Bg5 61. Kg2 c1=Q 62. Rxc1 Bxc1 63. Kh3 g5 64. Kg4 Kg6 65.
Kh3 Kf5 66. Kg2 g4 67. Kh2 Kf4 68. Kh1 Kf3 69. Kg1 Be3+ 70. Kf1 h3 71. b5 h2
 0-1

[Event "1st 4NCL Spring Bank Holiday Congress"]
[Site "Basingstoke"]
[Date "2018.05.26"]
[Round "3"]
[Board "17"]
[White "Sreeram, Yashasvini"]
[Black "Usharovsky, Ron"]
[Result "0-1"]
[WhiteElo "1435"]
[BlackElo "1519"]
[PlyCount "52"]
[EventDate "2018.05.25"]
[EventRounds "7"]
[EventCountry "ENG"]

1. e4 c6 2. d4 d5 3. exd5 cxd5 4. c4 Nf6 5. Nc3 Nc6 6. Nf3 e6 7. Bg5 Be7 8. Be2
b6 9. a3 Bb7 10. O-O h6 11. Be3 dxc4 12. Bxc4 Qc7 13. h3 a6 14. d5 Rd8 15. Na4
Nxd5 16. Bxd5 Rxd5 17. Bxb6 Qf4 18. Qc2 Bd6 19. Be3 Qf6 20. Rfd1 Ne5 21. Nxe5
Qxe5 22. g3 O-O 23. Bf4 Qh5 24. Bxd6 Qxh3 25. f4 Rh5 26. Qd3 Qg2# 0-1

[Event "1st 4NCL Spring Bank Holiday Congress"]
[Site "Basingstoke"]
[Date "2018.05.26"]
[Round "3"]
[Board "18"]
[White "Golding, William"]
[Black "Stoyanov, Boris"]
[Result "0-1"]
[WhiteElo "1517"]
[BlackElo "1310"]
[PlyCount "70"]
[EventDate "2018.05.25"]
[EventRounds "7"]
[EventCountry "ENG"]

1. d4 d5 2. Bf4 Nf6 3. Nf3 e6 4. c3 c5 5. e3 Nc6 6. Nbd2 Be7 7. h3 O-O 8. Bd3
Nd7 9. g4 f6 10. h4 e5 11. dxe5 fxe5 12. Bxh7+ Kxh7 13. Ng5+ Bxg5 14. hxg5+ Kg8
15. Qc2 exf4 16. Qh7+ Kf7 17. Qh5+ Ke7 18. O-O-O Nde5 19. exf4 Bxg4 20. Qh7 Bf5
21. Qxg7+ Rf7 22. Qh6 Nd3+ 23. Kb1 Nxf2+ 24. Ka1 Nxh1 25. g6 Qh8 26. Qg5+ Rf6
27. g7 Qh7 28. Rg1 Rg8 29. Re1+ Kf7 30. Nf3 Rxg7 31. Qh4 Qxh4 32. Nxh4 Rg4 33.
Nxf5 Rxf5 34. Rxh1 Rgxf4 35. Rh7+ Kg6 0-1

[Event "1st 4NCL Spring Bank Holiday Congress"]
[Site "Basingstoke"]
[Date "2018.05.26"]
[Round "3"]
[Board "19"]
[White "Lee, William J"]
[Black "Zheng, Harry Z"]
[Result "0-1"]
[WhiteElo "1195"]
[BlackElo "1502"]
[PlyCount "100"]
[EventDate "2018.05.25"]
[EventRounds "7"]
[EventCountry "ENG"]

1. e4 e5 2. f4 d5 3. exd5 exf4 4. d4 Qh4+ 5. g3 fxg3 6. Nf3 g2+ 7. Nxh4 gxh1=Q
8. Nf3 Bg4 9. Nbd2 Qxh2 10. Nxh2 Bxd1 11. Kxd1 Bd6 12. Nhf3 Nf6 13. c3 Nxd5 14.
Nb3 Nc6 15. c4 Nf6 16. Bd3 O-O-O 17. Kc2 Nb4+ 18. Kc3 Nxd3 19. Kxd3 h5 20. Ng5
Rd7 21. c5 Be7 22. Nxf7 Rf8 23. Ne5 Rd5 24. Be3 Ng4 25. Ng6 Re8 26. Re1 Bg5 27.
Bd2 Rxe1 28. Bxe1 Kd7 29. Nf8+ Ke7 30. Ng6+ Kf7 31. Nh8+ Kf6 32. Nd2 Bxd2 33.
Bxd2 g6 34. Bf4 Kg7 35. Nxg6 Kxg6 36. Bxc7 h4 37. Ke4 Nf6+ 38. Ke3 Rh5 39. Kf4
Nd5+ 40. Kg4 Nxc7 41. Kh3 Ne6 42. d5 Nf4+ 43. Kg4 Nxd5 44. a4 h3 45. Kg3 h2 46.
Kg2 h1=Q+ 47. Kf2 Re5 48. Kg3 Qf1 49. c6 Rg5+ 50. Kh2 Qg2# 0-1

[Event "1st 4NCL Spring Bank Holiday Congress"]
[Site "Basingstoke"]
[Date "2018.05.26"]
[Round "3"]
[Board "20"]
[White "Chilton, James I"]
[Black "Robinson, Brian"]
[Result "1/2-1/2"]
[WhiteElo "1749"]
[BlackElo "1590"]
[PlyCount "80"]
[EventDate "2018.05.25"]
[EventRounds "7"]
[EventCountry "ENG"]

1. d4 Nf6 2. c4 e6 3. Nc3 d5 4. Bf4 Nh5 5. Nh3 Nxf4 6. Nxf4 Bd6 7. Qd2 c6 8. c5
Bc7 9. O-O-O Nd7 10. f3 b6 11. cxb6 Nxb6 12. e4 Rb8 13. exd5 cxd5 14. Re1 O-O
15. h4 Bd7 16. Bd3 Nc4 17. Bxc4 dxc4 18. d5 Bxf4 19. Qxf4 Qb6 20. Re2 exd5 21.
Nxd5 Qb7 22. Nc3 Rfe8 23. Ne4 Qb6 24. Rhe1 Bc6 25. Ng5 Qb7 26. Qf5 g6 27. Qc2
Qb4 28. Rxe8+ Rxe8 29. Rxe8+ Bxe8 30. Ne4 Qe1+ 31. Qd1 Qxh4 32. g3 Qe7 33. Qd4
f5 34. Qxc4+ Bf7 35. Qc8+ Kg7 36. Qc3+ Kh6 37. Qd2+ Kg7 38. Nc3 Qc5 39. Kc2 Qc7
40. f4 Qc5 1/2-1/2

[Event "1st 4NCL Spring Bank Holiday Congress"]
[Site "Basingstoke"]
[Date "2018.05.26"]
[Round "3"]
[Board "21"]
[White "Mellor, Jessica"]
[Black "Ratnesan, Radha"]
[Result "0-1"]
[WhiteElo "1457"]
[BlackElo "1222"]
[PlyCount "190"]
[EventDate "2018.05.25"]
[EventRounds "7"]
[EventCountry "ENG"]

1. e4 e5 2. Nf3 Nc6 3. Bc4 Bc5 4. d3 d6 5. c3 Bg4 6. h3 Bh5 7. Be3 Bb6 8. Nbd2
h6 9. Nf1 Qf6 10. g4 Bg6 11. Qe2 Na5 12. Bb5+ c6 13. Ba4 Bxe3 14. Nxe3 b5 15.
Bc2 h5 16. g5 Qe6 17. b4 Nb7 18. Bb3 Qd7 19. Nh4 a5 20. Nef5 Bxf5 21. Nxf5 f6
22. Bxg8 Rxg8 23. gxf6 g6 24. Ne7 Rf8 25. Nxg6 Rxf6 26. Qxh5 O-O-O 27. Qg5 Qg7
28. Rg1 Qf7 29. Rg2 Rf3 30. O-O-O a4 31. Ne7+ Kc7 32. Rd2 Rxh3 33. Nf5 Rh1+ 34.
Rg1 Rdh8 35. Rgd1 Rxd1+ 36. Rxd1 Rh2 37. Qg3 Rh7 38. Kb1 Qh5 39. f3 Qh2 40.
Qxh2 Rxh2 41. d4 Rf2 42. Rd3 a3 43. c4 Rb2+ 44. Ka1 bxc4 45. Rxa3 Rxb4 46. Rc3
exd4 47. Nxd4 d5 48. a3 Rb6 49. e5 Kd7 50. f4 Nc5 51. Rh3 Nd3 52. Rh7+ Kd8 53.
e6 Nxf4 54. e7+ Kd7 55. Nf5 Ng6 56. Rg7 c5 57. Rg8 Nxe7 58. Rg7 Re6 59. Nxe7
Rxe7 60. Rg5 Kd6 61. Kb2 Rb7+ 62. Kc2 Rb3 63. Rg6+ Kc7 64. Ra6 Rb6 65. Ra7+ Kc6
66. a4 Rb3 67. Rh7 Ra3 68. Rh6+ Kc7 69. Rh7+ Kb6 70. Rh5 d4 71. Rh6+ Ka5 72.
Rc6 Kb4 73. Ra6 Rxa4 74. Rb6+ Ka5 75. Rb8 Rb4 76. Ra8+ Kb6 77. Rh8 c3 78. Rh6+
Kb5 79. Rh1 Rb2+ 80. Kd3 Rd2+ 81. Ke4 c2 82. Rc1 d3 83. Ke3 Rd1 84. Rxd1 cxd1=Q
85. Ke4 Qe2+ 86. Kf5 Qe3 87. Kf6 Qe4 88. Kf7 Qe5 89. Kg8 Qf6 90. Kh7 Kc6 91.
Kg8 Kd6 92. Kh7 Qg5 93. Kh8 Ke7 94. Kh7 Kf7 95. Kh8 Qh6# 0-1

[Event "1st 4NCL Spring Bank Holiday Congress"]
[Site "Basingstoke"]
[Date "2018.05.26"]
[Round "3"]
[Board "22"]
[White "Stephens, Robert W"]
[Black "Hammond, Benjamin"]
[Result "1-0"]
[WhiteElo "1802"]
[BlackElo "1483"]
[PlyCount "125"]
[EventDate "2018.05.25"]
[EventRounds "7"]
[EventCountry "ENG"]

1. Nf3 d5 2. c4 dxc4 3. Qa4+ Nc6 4. Qxc4 Nf6 5. b3 Bf5 6. Bb2 Qd7 7. d3 e6 8.
g3 O-O-O 9. Bg2 Bb4+ 10. Nbd2 Nd5 11. O-O Nb6 12. Qc2 f6 13. a3 Bd6 14. b4 a6
15. Rfc1 e5 16. Nc4 Nxc4 17. Qxc4 Be6 18. Qc2 h5 19. Qa4 Na7 20. Qxd7+ Rxd7 21.
h4 Nc6 22. Bc3 Bg4 23. Rcb1 Nd4 24. Bxd4 exd4 25. Ra2 Be5 26. a4 Rd6 27. Rc2
Bd7 28. b5 Rb6 29. Rbc1 c6 30. Nxe5 fxe5 31. bxc6 Bxc6 32. Bxc6 Rxc6 33. Rxc6+
bxc6 34. Rxc6+ Kb7 35. Re6 Rc8 36. Rxe5 Rc2 37. Kg2 Ra2 38. a5 Kc6 39. Kf3 Rc2
40. Rxh5 Rc5 41. Rxc5+ Kxc5 42. Ke4 Kb5 43. Kxd4 Kxa5 44. Kc5 Ka4 45. e4 a5 46.
e5 Kb3 47. e6 a4 48. e7 a3 49. e8=Q a2 50. Qb5+ Kc2 51. Qa4+ Kb2 52. Qb4+ Kc2
53. Qa3 Kb1 54. Qxa2+ Kxa2 55. d4 g5 56. h5 g4 57. h6 Kb3 58. h7 Kc3 59. h8=Q
Kd3 60. Qe5 Kd2 61. Kc4 Kd1 62. Kc3 Kc1 63. Qe1# 1-0

[Event "1st 4NCL Spring Bank Holiday Congress"]
[Site "Basingstoke"]
[Date "2018.05.26"]
[Round "3"]
[Board "23"]
[White "Kirby, Andrew"]
[Black "Richardson, John"]
[Result "1-0"]
[WhiteElo "1424"]
[BlackElo "1622"]
[PlyCount "63"]
[EventDate "2018.05.25"]
[EventRounds "7"]
[EventCountry "ENG"]

1. c4 e5 2. Nc3 Nf6 3. g3 d5 4. cxd5 Nxd5 5. Bg2 Nb6 6. d3 Be7 7. Nf3 Nc6 8.
O-O O-O 9. Bd2 Be6 10. Ne4 f6 11. h4 Nd5 12. Nc3 Nb6 13. Rc1 Qd7 14. Kh2 Nd4
15. Nxd4 Qxd4 16. Nb5 Qxb2 17. Nxc7 Bxa2 18. Nxa8 Nxa8 19. Qc2 Qxc2 20. Rxc2
Bb3 21. Rb2 Ba4 22. Bxb7 Nb6 23. Be3 Rb8 24. Bd5+ Kf8 25. Rfb1 Bd8 26. Rb4 Bd7
27. Bc5+ Be7 28. Bxb6 Bxb4 29. Bxa7 Rb5 30. Bc4 Ra5 31. Bb6 Ra4 32. Rxb4 1-0

[Event "1st 4NCL Spring Bank Holiday Congress"]
[Site "Basingstoke"]
[Date "2018.05.27"]
[Round "4"]
[Board "1"]
[White "Bovtramovics, Vladimirs"]
[Black "Henley, Robert"]
[Result "1/2-1/2"]
[WhiteElo "1822"]
[BlackElo "1765"]
[PlyCount "48"]
[EventDate "2018.05.25"]
[EventRounds "7"]
[EventCountry "ENG"]

1. e4 e6 2. d4 d5 3. e5 c5 4. c3 Nc6 5. Nf3 Bd7 6. Be2 Nge7 7. Bg5 Qb6 8. Bxe7
Bxe7 9. Qd2 Rc8 10. O-O O-O 11. Re1 cxd4 12. cxd4 Bb4 13. Nc3 Bxc3 14. bxc3 Na5
15. Rab1 Qc7 16. Rec1 Rb8 17. Bd3 Nc4 18. Qe2 h6 19. g4 f6 20. h4 g5 21. hxg5
fxg5 22. Kg2 Rf4 23. Nh2 Rbf8 24. f3 a6 1/2-1/2

[Event "1st 4NCL Spring Bank Holiday Congress"]
[Site "Basingstoke"]
[Date "2018.05.27"]
[Round "4"]
[Board "2"]
[White "Procter, Colin S"]
[Black "O'Gorman, Brendan"]
[Result "1/2-1/2"]
[WhiteElo "1784"]
[BlackElo "1698"]
[PlyCount "61"]
[EventDate "2018.05.25"]
[EventRounds "7"]
[EventCountry "ENG"]

1. d4 Nf6 2. Bf4 d5 3. e3 e6 4. Nd2 Bd6 5. Bg3 O-O 6. Bd3 c5 7. c3 Qc7 8. Ngf3
Nbd7 9. O-O e5 10. dxe5 Nxe5 11. Nxe5 Bxe5 12. c4 Bxg3 13. hxg3 Be6 14. Qc2 h6
15. Rfd1 Rfd8 16. b3 Rac8 17. Rac1 Bg4 18. Nf3 Qe7 19. Qb2 dxc4 20. Bxc4 Rxd1+
21. Rxd1 Rd8 22. Rxd8+ Qxd8 23. Qd2 Qxd2 24. Nxd2 Kf8 25. f3 Bd7 26. e4 Bc6 27.
Kf2 Ke7 28. g4 b5 29. Bd3 Kd6 30. Ke3 g5 31. Nb1 1/2-1/2

[Event "1st 4NCL Spring Bank Holiday Congress"]
[Site "Basingstoke"]
[Date "2018.05.27"]
[Round "4"]
[Board "3"]
[White "Radford, Mark SR"]
[Black "Hibbitt, Arthur M"]
[Result "1/2-1/2"]
[WhiteElo "1616"]
[BlackElo "1781"]
[PlyCount "60"]
[EventDate "2018.05.25"]
[EventRounds "7"]
[EventCountry "ENG"]

1. Nf3 c5 2. c4 g6 3. d4 cxd4 4. Nxd4 Bg7 5. e4 Nc6 6. Be3 d6 7. Nc3 Nf6 8. Qd2
Ng4 9. Nxc6 bxc6 10. Bg5 h6 11. Bf4 Qa5 12. f3 Ne5 13. Rb1 Rb8 14. Rc1 Be6 15.
b3 g5 16. Be3 f5 17. exf5 Bxf5 18. Be2 O-O 19. O-O Ng6 20. g4 Bd7 21. Qc2 Nf4
22. Bd1 d5 23. cxd5 cxd5 24. Qd2 e6 25. Bd4 e5 26. Bf2 d4 27. Ne4 Qxd2 28. Nxd2
Rbc8 29. Rxc8 Rxc8 30. b4 Nh3+ 1/2-1/2

[Event "1st 4NCL Spring Bank Holiday Congress"]
[Site "Basingstoke"]
[Date "2018.05.27"]
[Round "4"]
[Board "4"]
[White "Horlock, Peter J"]
[Black "Winter, Kevin"]
[Result "1/2-1/2"]
[WhiteElo "1612"]
[BlackElo "1755"]
[PlyCount "61"]
[EventDate "2018.05.25"]
[EventRounds "7"]
[EventCountry "ENG"]

1. e4 d6 2. d4 Nf6 3. Nc3 Nbd7 4. Nf3 e5 5. dxe5 dxe5 6. Bc4 Be7 7. Ng5 O-O 8.
Be3 c6 9. O-O h6 10. Nxf7 Rxf7 11. Bxf7+ Kxf7 12. f4 Kg8 13. Qe2 b5 14. a3 Qe8
15. fxe5 Nxe5 16. Bd4 Bd6 17. h3 Qe7 18. Rad1 Be6 19. Qe1 a6 20. Qh4 Rf8 21.
Ne2 Bc4 22. Rd2 c5 23. Bxe5 Qxe5 24. Rf5 Qxe4 25. Qf2 Qe7 26. Nf4 Ne4 27. Ng6
Nxf2 28. Nxe7+ Bxe7 29. Rxf8+ Bxf8 30. Kxf2 Be6 31. Rd8 1/2-1/2

[Event "1st 4NCL Spring Bank Holiday Congress"]
[Site "Basingstoke"]
[Date "2018.05.27"]
[Round "4"]
[Board "5"]
[White "Chen, Daniel Xingyu"]
[Black "Neatherway, A Philip"]
[Result "0-1"]
[WhiteElo "1592"]
[BlackElo "1810"]
[PlyCount "62"]
[EventDate "2018.05.25"]
[EventRounds "7"]
[EventCountry "ENG"]

1. e4 c5 2. Nc3 e6 3. Bc4 Nc6 4. f4 g6 5. Nf3 Bg7 6. a3 Nge7 7. O-O O-O 8. d3
d5 9. exd5 exd5 10. Ba2 a6 11. Qe1 Qd6 12. Qf2 Bd7 13. Na4 Nd4 14. Nc3 Rae8 15.
Be3 Nxf3+ 16. Qxf3 Bc6 17. Bf2 b5 18. Rab1 a5 19. Bg3 f5 20. Qd1 Kh8 21. Ne2 d4
22. Qd2 Nd5 23. Bf2 Ne3 24. Bxe3 Rxe3 25. Ng3 Rfe8 26. a4 b4 27. Bb3 h5 28. Rf2
h4 29. Nf1 h3 30. g3 Bb7 31. g4 Bc6 0-1

[Event "1st 4NCL Spring Bank Holiday Congress"]
[Site "Basingstoke"]
[Date "2018.05.27"]
[Round "4"]
[Board "6"]
[White "Goodfellow, Russell R"]
[Black "Maladkar, Lavanya"]
[Result "1-0"]
[WhiteElo "1774"]
[BlackElo "1562"]
[PlyCount "139"]
[EventDate "2018.05.25"]
[EventRounds "7"]
[EventCountry "ENG"]

1. e4 c5 2. Nf3 d6 3. d4 cxd4 4. Nxd4 Nf6 5. Nc3 g6 6. Be3 Bg7 7. f3 Nc6 8. Nb3
b6 9. Qd2 h5 10. Nd5 Nd7 11. c4 Nc5 12. Nd4 Bd7 13. Rc1 Ne6 14. Nxc6 Bxc6 15.
b3 Rc8 16. Be2 h4 17. f4 Nc5 18. Bf3 e6 19. Nc3 Rh7 20. Bd4 e5 21. Be3 h3 22.
g3 Qe7 23. O-O Rd8 24. Nd5 Bxd5 25. exd5 e4 26. Bh1 Nd3 27. Rcd1 Kf8 28. Qe2 f5
29. Rb1 Kf7 30. Rfd1 Bf6 31. Qd2 Rg8 32. Bf3 Re8 33. Be2 Kg8 34. b4 Rg7 35. Rb3
Rc8 36. Bxd3 exd3 37. Qxd3 Qc7 38. Rc1 Re8 39. c5 bxc5 40. bxc5 Rge7 41. cxd6
Qxd6 42. Rc6 Rxe3 43. Rxd6 Rxd3 44. Rxd3 Be7 45. Rxg6+ Kf7 46. Re6 Bc5+ 47. Kf1
Rb8 48. Rd2 Rb1+ 49. Re1 Rxe1+ 50. Kxe1 Bb4 51. Ke2 Bxd2 52. Kxd2 Ke7 53. Kd3
Kd6 54. Kd4 a6 55. a3 a5 56. a4 Kd7 57. Ke5 Ke7 58. Kxf5 Kd7 59. Ke5 Ke7 60. f5
Kd7 61. f6 Ke8 62. Ke6 Kd8 63. f7 Kc7 64. f8=Q Kb6 65. Qd6+ Kb7 66. Qc6+ Kb8
67. Qb5+ Ka8 68. Kd7 Ka7 69. Kc8 Ka8 70. Qa6# 1-0

[Event "1st 4NCL Spring Bank Holiday Congress"]
[Site "Basingstoke"]
[Date "2018.05.27"]
[Round "4"]
[Board "7"]
[White "Piecha, Lukasz Marek"]
[Black "Tomy, Jeff"]
[Result "1-0"]
[WhiteElo "1774"]
[BlackElo "1536"]
[PlyCount "87"]
[EventDate "2018.05.25"]
[EventRounds "7"]
[EventCountry "ENG"]

1. d4 d5 2. c4 e6 3. Nc3 c6 4. Nf3 Nf6 5. e3 Nbd7 6. Bd3 dxc4 7. Bxc4 b5 8. Bd3
a6 9. O-O c5 10. a3 Bb7 11. Bd2 Nb6 12. Be2 cxd4 13. Nxd4 Be7 14. Bf3 Bxf3 15.
Qxf3 O-O 16. Rad1 Nc4 17. Bc1 Qc7 18. e4 Rac8 19. Nce2 Ne5 20. Qh3 Nxe4 21. Bf4
Bd6 22. Nxe6 fxe6 23. Qxe6+ Kh8 24. Rc1 Qd7 25. Qd5 Nf6 26. Qb3 Ng6 27. Rcd1
Nxf4 28. Nxf4 Qc6 29. Ne6 Rce8 30. Ng5 Re7 31. Nf7+ Rexf7 32. Qxf7 Qc5 33. Qe6
Bb8 34. b4 Qc4 35. Qxa6 Re8 36. Rc1 Bxh2+ 37. Kxh2 Qh4+ 38. Kg1 Re5 39. Rc8+
Ng8 40. Qa8 h6 41. Rxg8+ Kh7 42. Rh8+ Kg6 43. Qf3 Rh5 44. Qg3+ 1-0

[Event "1st 4NCL Spring Bank Holiday Congress"]
[Site "Basingstoke"]
[Date "2018.05.27"]
[Round "4"]
[Board "8"]
[White "Tivillier, Jacques"]
[Black "Sartain, Patrick P"]
[Result "1-0"]
[WhiteElo "1771"]
[BlackElo "1541"]
[PlyCount "79"]
[EventDate "2018.05.25"]
[EventRounds "7"]
[EventCountry "ENG"]

1. g3 Nf6 2. Bg2 c6 3. f4 g6 4. Nf3 Bg7 5. d3 e6 6. e3 O-O 7. O-O d6 8. Kh1
Nbd7 9. e4 Ng4 10. h3 Nh6 11. Nc3 Nf6 12. g4 Nfxg4 13. hxg4 Nxg4 14. Nh2 Nxh2
15. Kxh2 f5 16. Qe1 fxe4 17. dxe4 a5 18. a4 h6 19. Qg3 Kh7 20. Kh1 d5 21. Ne2
b6 22. Rg1 Ra7 23. Bf3 Qf6 24. Be3 g5 25. Raf1 Qg6 26. e5 Raf7 27. Qg4 c5 28.
Ng3 Rxf4 29. Bxf4 Rxf4 30. Qh5 Rh4+ 31. Qxh4 gxh4 32. Nh5 Qxg1+ 33. Rxg1 Bxe5
34. c3 Bd7 35. Re1 Bh8 36. Nf4 Bxa4 37. Rxe6 d4 38. Rxb6 c4 39. Rb7+ Bg7 40.
Ne6 1-0

[Event "1st 4NCL Spring Bank Holiday Congress"]
[Site "Basingstoke"]
[Date "2018.05.27"]
[Round "4"]
[Board "9"]
[White "Brown, Geoffrey D"]
[Black "Homer, Neil S"]
[Result "1/2-1/2"]
[WhiteElo "1547"]
[BlackElo "1750"]
[PlyCount "109"]
[EventDate "2018.05.25"]
[EventRounds "7"]
[EventCountry "ENG"]

1. b3 d5 2. Bb2 c5 3. e3 Nf6 4. Be2 Nc6 5. Nf3 e6 6. d3 Be7 7. Nbd2 b6 8. O-O
O-O 9. h3 Bb7 10. Nh2 e5 11. c4 d4 12. e4 Bc8 13. Ng4 Bxg4 14. Bxg4 Bd6 15. Re1
Nxg4 16. Qxg4 Nb4 17. Qe2 Nc2 18. Nf1 Nxa1 19. Rxa1 a5 20. a4 Be7 21. Ng3 g6
22. Qg4 Qc8 23. Nf5 Bf6 24. Qg3 Qe6 25. Rf1 Kh8 26. Nh6 Bg7 27. Bc1 f6 28. h4
Bxh6 29. Bxh6 Rf7 30. f4 exf4 31. Qxf4 Re8 32. h5 Qe5 33. hxg6 hxg6 34. Qh4 Qh5
35. Qf4 Re5 36. g4 Qh4 37. Kg2 g5 38. Qf3 Qxh6 39. Rh1 Qxh1+ 40. Kxh1 Rh7+ 41.
Kg2 Rh6 42. Kg3 Kg7 43. Kg2 Kf7 44. Kg1 Ke7 45. Kg2 Kd7 46. Kg1 Kc7 47. Kg2 Kb7
48. Kg1 Ka7 49. Kg2 Re7 50. Qf5 Reh7 51. Kg1 Rh1+ 52. Kg2 R7h2+ 53. Kg3 Rh3+
54. Kg2 R1h2+ 55. Kg1 1/2-1/2

[Event "1st 4NCL Spring Bank Holiday Congress"]
[Site "Basingstoke"]
[Date "2018.05.27"]
[Round "4"]
[Board "11"]
[White "Usharovsky, Ron"]
[Black "Willmoth, Harrison"]
[Result "1/2-1/2"]
[WhiteElo "1519"]
[BlackElo "1754"]
[PlyCount "61"]
[EventDate "2018.05.25"]
[EventRounds "7"]
[EventCountry "ENG"]

1. e4 d6 2. d4 Nf6 3. Nc3 c6 4. Nf3 Bg4 5. Bg5 e6 6. Qd2 Be7 7. Bd3 d5 8. e5
Nfd7 9. Be3 a6 10. Ne2 b5 11. c3 c5 12. Bc2 Nc6 13. h3 Bh5 14. g4 Bg6 15. Bxg6
hxg6 16. Qc2 c4 17. Nf4 Nf8 18. Kf1 Qb6 19. Kg2 O-O-O 20. b4 g5 21. Nh5 f6 22.
Nxg7 fxe5 23. dxe5 Qc7 24. Nh5 Nh7 25. Rhe1 d4 26. Bxd4 Bxb4 27. cxb4 Nxd4 28.
Qe4 Nxf3 29. Qxf3 Rd5 30. Rad1 Rhd8 31. Nf6 1/2-1/2

[Event "1st 4NCL Spring Bank Holiday Congress"]
[Site "Basingstoke"]
[Date "2018.05.27"]
[Round "4"]
[Board "12"]
[White "Zheng, Harry Z"]
[Black "Chilton, James I"]
[Result "0-1"]
[WhiteElo "1502"]
[BlackElo "1749"]
[PlyCount "66"]
[EventDate "2018.05.25"]
[EventRounds "7"]
[EventCountry "ENG"]

1. e4 c5 2. Nf3 e6 3. d4 cxd4 4. Nxd4 Nc6 5. Nb5 d6 6. Bf4 e5 7. Be3 f5 8. exf5
Bxf5 9. N1c3 a6 10. Na3 b5 11. Nd5 Rb8 12. Qf3 Nge7 13. Bg5 e4 14. Qh5+ Bg6 15.
Qh4 Qa5+ 16. Bd2 Qa4 17. Nc3 Qd4 18. Ne2 Qxb2 19. Rd1 Qxa3 20. Nf4 Nf5 21. Qg4
Ne5 22. Qg5 Be7 23. Bc1 Qc3+ 24. Bd2 Qxc2 25. Rc1 Qxc1+ 26. Bxc1 Bxg5 27. Nxg6
Bxc1 28. Nxh8 Ke7 29. Kd1 Bh6 30. Be2 Rxh8 31. Kc2 Nd4+ 32. Kd1 Rc8 33. Re1
Rc1# 0-1

[Event "1st 4NCL Spring Bank Holiday Congress"]
[Site "Basingstoke"]
[Date "2018.05.27"]
[Round "4"]
[Board "13"]
[White "Ruffle, Alan P"]
[Black "Watson, Darrell A"]
[Result "1-0"]
[WhiteElo "1474"]
[BlackElo "1694"]
[PlyCount "99"]
[EventDate "2018.05.25"]
[EventRounds "7"]
[EventCountry "ENG"]

1. e4 d6 2. d4 Nf6 3. Nc3 Nbd7 4. f4 e5 5. Nf3 exd4 6. Nxd4 c6 7. Be2 d5 8.
exd5 cxd5 9. Be3 Bc5 10. Qd2 O-O 11. O-O-O Re8 12. Rhe1 a6 13. Kb1 b5 14. Bf3
Nb6 15. Nc6 Nc4 16. Nxd8 Nxd2+ 17. Bxd2 Rxd8 18. Be3 Bxe3 19. Rxe3 Be6 20. Red3
g6 21. Nxd5 Nxd5 22. Bxd5 Bxd5 23. Rxd5 Re8 24. b3 Kg7 25. Kb2 Re4 26. g3 Rb8
27. R1d2 a5 28. a4 bxa4 29. Rxa5 axb3 30. cxb3 Re3 31. Ra3 Rbe8 32. b4 Re2 33.
Rad3 R8e4 34. Kc3 Re1 35. Rd4 Rc1+ 36. Kb2 Ree1 37. Kb3 Rh1 38. Ka4 Ra1+ 39.
Kb5 Rhb1 40. Kb6 Rb3 41. b5 h5 42. Rd5 Rab1 43. Rc5 Rb4 44. Rf2 R4b2 45. Rxb2
Rxb2 46. Kc6 Rxh2 47. b6 Rb2 48. b7 f5 49. Rb5 Rc2+ 50. Kb6 1-0